000
00361nam a2200169Ia 4500
100
_a
Harrison/F.L
250
_a
3
942
_c
RB
366
_f
15
654
_a
project management
245
_a
Advanced Project Management:A structured approach
260
_b
Gower
_c
1992
082
_a
658.404
_b
HAR
300
_a
308
546
_a
ENGLISH
999
_c
27695
_d
27695